| 000 | 00784nam a2200205 a 4500 | ||
|---|---|---|---|
| 001 | BRCA_2311 | ||
| 005 | 20190320203744.0 | ||
| 008 | 200808s2007----mx-a---###---#000-0#spa-# | ||
| 020 | _a9789689068402 | ||
| 050 | 4 |
_aZ1012 _b.C37 2007 |
|
| 100 | 1 |
_aCarreño Velázquez, Elvia _96932 |
|
| 245 | 1 | 0 |
_aLa Biblioteca Palafoxiana y el libro antiguo en México _cElvia Carreño Velázquez. |
| 260 |
_aMéxico _bApoyo al Desarrollo de Archivos y Bibliotecas de México _c2007 |
||
| 300 |
_a13 p. _bil. a color _c22 cm. |
||
| 610 | 2 | 4 |
_aBiblioteca Palafoxiana _xColecciones particulares _zPuebla (México) _96933 |
| 610 | 2 | 4 |
_aApoyo al Desarrollo de Archivos y Bibliotecas de México _zPuebla (México) _96934 |
| 650 | 1 | 4 |
_aLibros raros _zPuebla (México) _96935 |
| 653 | 0 | _aADABI | |
| 942 |
_2lcc _cB |
||
| 999 |
_c2056 _d2056 |
||